00672 2200229 4500001002100000005001500021035002000036007000300056008004100059020002200100082001900122084002500141100003300166245005600199250002000255260006800275300003100343650001000374600002400384856001800408990001600426INLIS00000000000047620250711105528 a0010-0725000476ta250711 a 0 ind  a978-623-307-033-1 a398.209 598 47 a398.209 598 47 LES p0 aLestariningsih, Dewi Nastiti1 aPejuang Dari Palagan /cDewi Nastiti Lestariningsih aCetakan Pertama aJakarta Timur :bBadan Pengembangan dan Pembinaan Bahasa,c2021 a28 hlm :bilus. ;c29,7 cm 4aKomik 4aCerita Anak-Makasar aTBM AS SUHADA aTBM03720372